| 000 | 00355nam a22001457a 4500 | ||
|---|---|---|---|
| 003 | SGT | ||
| 020 | _a9788190623094 | ||
| 082 | _a294,5921,ARY | ||
| 100 | _aSATYA PAL ARYA | ||
| 245 | _aTHE VEDIC PHILOSOPHY | ||
| 260 |
_aINDIA _bSHRI GHOODMAL PRAHLAD KUMAR ARYA _c2008 |
||
| 300 | _a141 | ||
| 650 | _aVEDIC LITEATURE (OTHER RELIGIONS) | ||
| 942 |
_2ddc _cFCM |
||
| 999 |
_c9384 _d9384 |
||